000 00487nam a2200181Ia 4500
003 OSt
005 20250123155137.0
008 241228s9999 xx 000 0 und d
020 _a9781032603339
040 _cKUDSIT
082 _a004.62 CHE/A
100 _aChelliah, Pethuru Raj
245 0 _aApplied learning algorithms for intelligent IoT
260 _aBoca Raton,
_bCRC Press,
_c2023
300 _axii, 356p.
500 _aSupplied by Modern Book Centre, TVPM
942 _cBK
_2ddc
999 _c40131
_d40131